BIBLIOTECA PODER JUDICIAL
Portal Judicial TDF

La famosa "puerta giratoria" : (Registro nro. 5603)

000 -LEADER
fixed length control field 01048nab a22002417a 4500
003 - CONTROL NUMBER IDENTIFIER
control field OSt
005 - DATE AND TIME OF LATEST TRANSACTION
control field 20251222101356.0
008 - FIXED-LENGTH DATA ELEMENTS--GENERAL INFORMATION
fixed length control field 190429b xxu||||| |||| 00| 0 spa d
040 ## - CATALOGING SOURCE
Transcribing agency PJ
100 ## - MAIN ENTRY--PERSONAL NAME
9 (RLIN) 3063
Personal name Riquert, Marcelo A.
245 13 - TITLE STATEMENT
Title La famosa "puerta giratoria" :
Remainder of title ¿cómo funciona en la realidad? A propósito de cuánto se usa la prisión en Argentina y Latinoamérica en general /
Statement of responsibility, etc Marcelo A. Riquert.
260 ## - PUBLICATION, DISTRIBUTION, ETC. (IMPRINT)
Date of publication, distribution, etc Ciudad Autónoma de Buenos Aires :
Place of publication, distribution, etc Thomson Reuters La Ley,
Name of publisher, distributor, etc 2025.
300 ## - PHYSICAL DESCRIPTION
Extent p. 227-241
500 ## - GENERAL NOTE
General note Cita: AR/DOC/1349/2025.
505 ## - FORMATTED CONTENTS NOTE
Title Si te interesa el texto completo, solicitalo a koha@justierradelfuego.gov.ar
650 #0 - SUBJECT ADDED ENTRY--TOPICAL TERM
9 (RLIN) 343
Topical term or geographic name as entry element DERECHO PENAL
650 #0 - SUBJECT ADDED ENTRY--TOPICAL TERM
9 (RLIN) 2209
Topical term or geographic name as entry element RÉGIMEN PENITENCIARIO
650 #0 - SUBJECT ADDED ENTRY--TOPICAL TERM
9 (RLIN) 2589
Topical term or geographic name as entry element POLITICA CRIMINAL
650 #0 - SUBJECT ADDED ENTRY--TOPICAL TERM
9 (RLIN) 3020
Topical term or geographic name as entry element READAPTACIÓN DEL CONDENADO
650 #0 - SUBJECT ADDED ENTRY--TOPICAL TERM
9 (RLIN) 2782
Topical term or geographic name as entry element PRISIÓN PREVENTIVA
773 0# - HOST ITEM ENTRY
Host Biblionumber 2658
Host Itemnumber 3164
Title Revista de derecho penal y criminología. Nº 6 - Julio 2025
Place, publisher, and date of publication Ciudad Autónoma de Buenos Aires : Thomson Reuters La Ley, 2017-
International Standard Serial Number 00347914
942 ## - ADDED ENTRY ELEMENTS (KOHA)
Source of classification or shelving scheme
Koha item type Analítica Artículo de Revista

No hay ítems disponibles.

12 de Octubre 789 Ushuaia - Tel:  54(02901)441571
Horario de Atención: 8.00 a 17.00 hs. 
bibliotecaush@justierradelfuego.gov.ar
koha@justierradelfuego.gov.ar
Seguinos en nuestras redes @bibliojustdf 

Con tecnología Koha